Statistiques concernant Quiz lieux Harry Potter (difficile)

Cliquez ici pour prendre le quiz!

Statistiques générales

  • Ce quiz a été pris 121 fois
    (113 depuis la dernière actualisation)
  • Le résultat moyen est 21 sur 53

Statistiques - réponses

HintRéponse% Correct
Lieux de PoudlardGrande salle
86%
Salles de classe
86%
Salle sur Demande
80%
Les Trois Balais
75%
Ollivander
72%
La Tête de Sanglier
68%
Chambre des Secrets
67%
Cachots
65%
Zonko
65%
Fleury et Bott
64%
Forêt Interdite
64%
Tour d'Astronomie
64%
Bureau du directeur
59%
Lieux à Pré-au-LardLa Cabane Hurlante
59%
Stade de Quidditch
59%
Lac
57%
Cuisines
55%
Gringotts
55%
Honeydukes
55%
Chez Madame Guipure, prêt-à-porter pour mages et sorciers
54%
Le Chaudron Baveur
54%
Cabane de Hagrid
52%
Cour
49%
Bibliothèque
45%
Serres
41%
Salles Communes
38%
Florian Fortarôme
36%
Volière
36%
Infirmerie
35%
Dortoirs
30%
Saule Cogneur
29%
Salon de thé de Mme Pieddodu
28%
Escaliers
26%
Bureau de Rusard
25%
Toilettes des filles
25%
Hall
23%
Weasleys Farces et Attrapes pour Sorciers Facétieux
19%
Au Royaume du Hibou
17%
Salle des trophées
17%
Gare de Pré-au-Lard
16%
Salle de bains des préfets
16%
Derviche et Bang
13%
Gaichiffon
13%
La Ménagerie Magique
12%
Magasin d'accessoires de Quidditch
10%
Magasin de plumes Scribenpenne
10%
Potager
10%
Pont de Poudlard
9%
Bureaux des professeurs
7%
Lieux sur le Chemin de TraverseLa Boutique de l'Apothicaire
7%
l'Allée des Embrumes
6%
Terrain de vol
3%
Bureaux de La Gazette du Sorcier
1%

Distribution des résultats

Percentile par nombre de réponses

% des personnes avec chaque résultat

Votre développement - résultats

Vous n’avez pas pris ce quiz depuis la dernière actualisation